|
|
|
|
| LEADER |
01129nab a2200277 i 4500 |
| 001 |
acta24903 |
| 005 |
20220728093437.0 |
| 008 |
161017s2000 hu o 0|| eng d |
| 022 |
|
|
|a 0365-8066
|
| 040 |
|
|
|a SZTE Egyetemi Kiadványok Repozitórium
|b hun
|
| 041 |
|
|
|a eng
|
| 100 |
1 |
|
|a Bačo Pavle
|
| 245 |
1 |
0 |
|a Ore mineralisation hosted by volcanic rocks of Slanske Vrchy mts., Slovakia
|h [elektronikus dokumentum] /
|c Bačo Pavle
|
| 260 |
|
|
|a Szegedi Egyetem Ásványtani, Geokémiai és Kőzettani Tanszéke
|b Szeged
|c 2000
|
| 300 |
|
|
|a 7
|
| 490 |
0 |
|
|a Acta mineralogica-petrographica
|v 41
|
| 650 |
|
4 |
|a Természettudományok
|
| 650 |
|
4 |
|a Föld- és kapcsolódó környezettudományok
|
| 695 |
|
|
|a Kőzettan - előadáskivonat, Ásványtan - előadáskivonat, Földtan - előadáskivonat
|
| 700 |
0 |
1 |
|a Duda R.
|e aut
|
| 700 |
0 |
1 |
|a Jeleň S.
|e aut
|
| 700 |
0 |
1 |
|a Koděra Peter
|e aut
|
| 700 |
0 |
1 |
|a Kotulák P.
|e aut
|
| 700 |
0 |
1 |
|a Repciak M.
|e aut
|
| 710 |
|
|
|a MCC, Minerals of the Carpathians International Conference (2000) (Miskolc)
|
| 856 |
4 |
0 |
|u http://acta.bibl.u-szeged.hu/24903/1/mineralogica_041_suppl_007.pdf
|z Dokumentum-elérés
|